01749nam a22001937a 4500003000900000005001700009008004100026040001300067100002700080245005500107250001400162260004400176300002000220490002100240520116300261942001201424999001901436952010001455IT-RoPau20220918181218.0131112b xxu||||| |||| 00| 0 eng d cIT-RoPau aAlberione, Giacomo915 aRosario meditatobsul sacerdozio e sulle vocazioni aVII° Ed. aRomabIstituto "Gesù Sacerdote"c1987 a54 pp.c14,5 cm aedizioni paoline aIndice Presentazione Come si recita e si medita il Rosario Le preghiere vocali del Rosario Misteri Glaudiosi 1° Mistero: L'annunciazione dell'Angelo a Maria Vergine 2° Mistero: La visita di Maria Vergine a Santa Elisabetta 3° Mistero: La nascita di Gesù Bambino nella grotta di Betlemme 4° Mistero: La Presentazione di Gesù Bambino al Tempio 5° MIstero: La perdita e il ritrovamento di Gesù tra i dottori nel tempio Misteri Dolorosi 1° Mistero: L'orazione di Gesù nell'orto di Getsemani 2° Mistero: Flagellazione di Gesù alla colonna 3° Mistero: L'incoronazione di spine del Salvatore 4° Mistero: Il viaggio al Calvario di Gesù carico della croce 5° Mistero: La crocifissione e morte di Gesù Misteri Gloriosi 1° Mistero: La Risurrezione di Gesù 2° Mistero: L'Ascensione di Gesù al cielo 3° Mistero: La discesa dello Spirito Santo sopra Maria Vergine e gli Apostoli 4° Mistero: L'Assunzione di Maria Vergine al cielo 5° Mistero: L'Incoronazione di Maria Vergine Litanie della Madonna Per ottenere vocazioni Preghiera del Santo Padre per le vocazioni Preghiera dell' "adesso" Per la propria vocazione O Rosario benedetto  2ddccBK c104150d104150 00102ddc406P_A471aPAULUSbPAULUSd2013-11-12l0oP A4r2013-11-12 00:00:00w2013-11-12yBK